000 00689nam a2200217Ii 4500
003 JO-AjNU
008 230605s9999||||xx |||||||||||||| ||und||
017 _a2013/5/1728
020 _a978-9957-05-217-1
040 _aJO-AjNU
_bara
_erda
_cJO-AjNU
041 _aara
050 1 4 _aPJ7940.A32 2013
100 3 _aالجدع، دانا أحمد,
_eauthor
_948040
245 0 0 _aأغلى . ما . أملك (نحو المجهول): رواية
264 3 1 _aعمان: دار الضياء، 2013
300 _a218ص
336 _atext
_btxt
_2rdacontent
337 _aunmediated
_bn
_2rdamedia
338 _avolume
_bnc
_2rdacarrier
650 4 _aالأدب العربي - روايات
_948041
999 _aA21012
_c24580
_d24580